| 000 | 00363nam a2200157Ia 4500 | ||
|---|---|---|---|
| 008 | 230312s9999||||xx |||||||||||||| ||und|| | ||
| 020 | _a0-07-252812-5 | ||
| 082 |
_a658.1511 _bGAR |
||
| 100 | _aGarrison, Ray H | ||
| 245 | 0 | _aManagerial Accounting | |
| 260 |
_bMcGraw Hill _aLondon _c2003 |
||
| 300 | _a637 | ||
| 546 | _aEng. | ||
| 650 | _aManagement | ||
| 942 | _cBK | ||
| 999 |
_c862 _d862 |
||